00752nam a22001697a 4500003000900000008004100009040007100050082002400121100003000145245003500175260002200210300002500232505026100257650002500518650002500543650001400568AR-CdUCM190402b ||||| |||| 00| 0 spa d aMUNICIPALIDAD PROVINCIAL DEL CUSCOcBIBLIOTECA MUNICIPAL DEL CUSCO a869.2 /bP21 / 1933 aPalomeque, Rafael Alfredo aSarmiento :botros discursos / aLa plata :c1933. a74 paginas ;c20 cm. aContenido : Discurso pronunciado en el bautizo de la escuela N° 1 de general Sarmeinto el 4 de junio de 1933 -- Las visitadoras de higiene -- Sarmiento, edificación escolar, escuela experimental -- Perfeccionamiento profesional y cultural del maestro... aLiteratura Argentina aHistorias personales aDiscursos